000 00571nam a2200181Ia 4500
003 OSt
005 20260327123026.0
008 211028s2009 xx 000 0 und d
040 _cAIMIT LIBRARY
041 _aeng
082 _a658.15 SEQM
100 _aSequeira, Melwin Peris;Shetty, Prathibha.
_g716085
_96277
245 _aA study on investors perception and satisfaction on mutual fund investments with reference to freston marketing, Mangalore /
260 _bShetty, Prathibha
_c2009
600 _aFinance
_96278
650 _aFinance
_96279
942 _2ddc
_cPRO
999 _c218184
_d218184